000 00554nam a2200193Ia 4500
003 GCL
008 140319s9999 xx 000 0 ara d
040 _aGCL /
_cGCL
082 0 4 _a220
_bع ق
100 1 _aعباس ابوالسعود
245 1 0 _aالقرأن والنبى /
_cعباس ابوالسعود
700 1 _aعبدالحكيم محمود
260 _a[S.N] :
_bدار المعارف ،
_c1990
300 _a399 ص
490 _a
650 0 4 _aنزول القران
650 0 4 _aالانبياء فى القرأن
942 _2ddc
_cBK
999 _c53363
_d53363